000
00215 a2200097 4500
001
26772
100
_a
Cottrell, A
245
_a
An introduction to mctallurgy
260
_a
_b
edward arnold
_c
090
_c
18015
_d
18015
942
_a
NUST-CAE
_c
M
_c
8909
999
_c
261845
_d
261845